| 000 | 00679nam a2200205 a 4500 | ||
|---|---|---|---|
| 005 | 20231028063559.0 | ||
| 008 | 121005s2011 mx r 000 0 spa d | ||
| 035 | _aUPN01000187148 | ||
| 049 | _aCG | ||
| 050 | 4 |
_aJL1229 S4 _bE5.7 no.17 |
|
| 100 | 1 |
_aCórdova Vianello, Lorenzo, _d1972- _934672 |
|
| 245 | 1 | 0 |
_aTransparencia y procesos electorales / _cLorenzo Córdova Vianello. |
| 260 |
_aMéxico : _bINFODF, _c2011. |
||
| 300 | _a56 p. | ||
| 440 | 0 |
_aEnsayos para la transparencia de la Ciudad de México ; _v17 |
|
| 650 | 2 |
_aTransparencia en el gobierno _zMéxico _911094 |
|
| 650 | 4 |
_aElecciones _zDistrito Federal (México) _922630 |
|
| 905 | _aLibro | ||
| 999 |
_c159251 _d159251 |
||